00617nam a2200205Ia 450000500170000000800410001704000190005804100120007708200160008910000230010524500840012826000250021230000150023750400500025263000150030263000150031765000500033265100190038285000100040120221103112029.0131103s9999 xx 000 0 und d aLoreto College aEnglish a131.34bSUL aSulloway, Frank J. aFreud, biologist of mindb beyond the psychoanalytic legend cFrank J. Sulloway aDelhibClarionc1980 axxvi,612p  aIncludes bibliographical references and index aPsychiatry aPsychology aFreud, Sigmund - Criticism and interpretation aPsychoanalysis aLCLIB